[Event "Reykjavik op 19th"]
[Site "Reykjavik"]
[Date "2000.04.07"]
[Round "3"]
[White "Kortschnoj, Viktor Lvovich"]
[Black "Salmensuu, Olli"]
[Result "1-0"]
[WhiteElo "2659"]
[BlackElo "2418"]
[PlyCount "97"]
[EventDate "2000.04.05"]
[EventType "swiss"]
[EventRounds "9"]
[EventCountry "ISL"]
[SourceTitle "CBM 075 Extra"]
[Source "ChessBase"]
[SourceDate "2000.05.11"]
[SourceVersion "2"]
[SourceVersionDate "2000.05.11"]
[SourceQuality "1"]

1. d4 Nf6 2. c4 c5 3. d5 b5 4. cxb5 a6 5. bxa6 g6 6. Nc3 Bxa6 7. e4 Bxf1 8.
Kxf1 d6 9. Nf3 Bg7 10. g3 O-O 11. Kg2 Nbd7 12. h3 Qa5 13. Re1 Rfb8 14. Re2 Rb7
15. Bf4 Qa6 16. Rc1 Nb6 17. b3 Rba7 18. a4 Qb7 19. Nb5 Ra6 20. Bg5 Ne8 21. Qd3
Nd7 22. g4 h6 23. Bd2 Nc7 24. Nxc7 Qxc7 25. a5 Qb7 26. Ree1 R6a7 27. Rb1 Rb8
28. Rec1 Qb5 29. Ne1 Ne5 30. Qxb5 Rxb5 31. b4 cxb4 32. Bxb4 Rab7 33. Rc8+ Kh7
34. a6 Ra7 35. f4 Nd7 36. Nd3 Nb8 37. Bc5 Rxb1 38. Bxa7 Nxa6 39. Rc6 Rb3 40.
Nc1 Rb2+ 41. Kf3 Nb4 42. Rc7 Bf6 43. Rb7 Rb1 44. Be3 Rb2 45. e5 dxe5 46. fxe5
Bxe5 47. Rxe7 Nxd5 48. Rxe5 Nxe3 49. Kxe3 1-0

[Event "Reykjavik op 19th"]
[Site "Reykjavik"]
[Date "2000.04.09"]
[Round "5"]
[White "Kortschnoj, Viktor Lvovich"]
[Black "Sokolov, Ivan"]
[Result "1-0"]
[WhiteElo "2659"]
[BlackElo "2637"]
[PlyCount "75"]
[EventDate "2000.04.05"]
[EventType "swiss"]
[EventRounds "9"]
[EventCountry "ISL"]
[SourceTitle "CBM 075 Extra"]
[Source "ChessBase"]
[SourceDate "2000.05.11"]
[SourceVersion "2"]
[SourceVersionDate "2000.05.11"]
[SourceQuality "1"]

1. d4 Nf6 2. c4 g6 3. Nc3 d5 4. cxd5 Nxd5 5. g3 Bg7 6. Bg2 Nxc3 7. bxc3 c5 8.
e3 Qa5 9. Ne2 cxd4 10. exd4 O-O 11. O-O e5 12. a4 exd4 13. cxd4 Nc6 14. Be3 Bg4
15. Ra2 Rad8 16. d5 Ne5 17. Bg5 Rd7 18. Qb3 h6 19. Bf4 Qa6 20. Nd4 g5 21. Bxe5
Bxe5 22. Nb5 Bg7 23. Qe3 Qb6 24. Qxb6 axb6 25. Rc1 Re8 26. h3 Bf5 27. d6 Bd3
28. Bf1 Bxf1 29. Kxf1 f5 30. Rc7 Red8 31. Re2 Bf8 32. Re8 f4 33. gxf4 gxf4 34.
Kg2 Rxe8 35. Rxd7 Ra8 36. Rxb7 Rxa4 37. d7 Ra8 38. Nc7 1-0

[Event "Leonid Stein Memorial"]
[Site "Lvov"]
[Date "2000.05.20"]
[Round "8"]
[White "Romanishin, Oleg M"]
[Black "Kortschnoj, Viktor Lvovich"]
[Result "0-1"]
[WhiteElo "2578"]
[BlackElo "2659"]
[Annotator "Kortschnoj,V"]
[PlyCount "110"]
[EventDate "2000.05.12"]
[EventType "tourn"]
[EventRounds "10"]
[EventCountry "UKR"]
[EventCategory "17"]
[SourceTitle "CBM 077"]
[Source "ChessBase"]
[SourceDate "2000.07.27"]
[SourceVersion "1"]
[SourceVersionDate "2000.07.27"]
[SourceQuality "1"]

1. d4 Nf6 2. Nf3 e6 3. g3 b6 4. Bg2 Bb7 5. c4 Be7 6. Nc3 O-O 7. d5 Bb4 8. O-O
$5 {Romanishin allows to his partner, for sake of the dynamics, to destroy the
white pawn structure. Some other, cautious people prefer 8.Bd2.} Bxc3 9. bxc3
Na6 10. Nh4 Rb8 11. e4 d6 12. Be3 Re8 13. Re1 Nd7 14. f4 {It is a novelty. In
a similar position against Markowsky Romanishin continued Nf3.} Nac5 15. Bf2
Ba6 16. Nf3 {Played without hesitation. Some other, less resolute people would
first protect pawn c4 by Bf1.} e5 {A manoeuvre Nf3-d4-c6 looked pretty
unpleasant for black...} 17. f5 $5 {Very interesting! In a closed position the
loss of a pawn on the queen side is not too painful, but the white pieces,
concentrated on the king side, will soon ominously develop its activity!} Bxc4
18. Re3 $1 {An important move. The black knight must not be ever allowed to d3.
} b5 19. g4 f6 {Had black to play this move? It seems, without f7-f6 the task
of white would be easier-he would play g4-g5, f5-f6 (second pawn sacrifice-who
cares!?), then Nf3-h4-f5, whether pawn on g6, or not, with fast devastating
assault!} 20. h4 Rc8 {Black is going to challenge white in the centre. Another
line would be something like a7-a5+b5-b4, trying to get counter play on the
queen side.} 21. Ne1 c6 22. dxc6 Rxc6 23. Nc2 {Immediate 23.Rg3 was a good
alternative.} Rc7 24. Rg3 ({Certainly not} 24. Qxd6 Nb6 {and black stands
clearly better.}) 24... Nb6 25. g5 (25. Nb4 a5 26. Nd5 Nxd5 27. exd5 e4 {
and another double-edged position would arise.}) 25... fxg5 $2 {I qualify this
move as a suicide attempt! Actually, black built up his position for to be
able to push d6-d5,and he had to do it now! Then white was to be at the
crossroads.} (25... d5 {The only way to cause some problems to black would be}
26. Bxc5 $1 ({Bad was, for example} 26. gxf6 Nxe4 27. Bxe4 dxe4 28. Qh5 $6 Nd5
{with advantage to black}) (26. exd5 Nxd5 27. Bxd5+ Bxd5 28. gxf6 Ne4 29. Rd3
Nxf2 30. Kxf2 Qxf6 31. Rxd5 Qxh4+ {and white is in trouble.}) 26... Rxc5 27.
Qh5 {(and we have to pay a credit to Romanishin - he was going to play exactly
this way!). Now} Kh8 28. Ne3 (28. Rd1 {may lead to transposition of moves.})
28... Qe7 29. Rd1 d4 30. cxd4 exd4 31. Rxd4 (31. Ng4 Be2 32. Bf3 Bxf3 33. Rxf3
Nd7 {and black successfully defend his position} 34. g6 h6 35. Rg3 Ne5 36. Nxh6
$6 gxh6 37. g7+ Kg8 38. Qxh6 Nf7) 31... Nd7 $11 {Making a long speech short:
after 25...d5 chances were about equal.}) 26. hxg5 d5 27. Bxc5 $1 ({The
immediate} 27. Qh5 {looked also strong, but after} Nxe4 28. Bxe4 dxe4 29. Rh3
g6 {black would not resign at once...}) 27... Rxc5 28. Qh5 Nd7 29. f6 $2 {
An awful move, made in severe time-trouble. After 28.Ne3 black even had no
time for d5-d4 - white could simply take on c4 and then f5-f6 was winning. And
after 28...Nf8 white had a choice - to take on d5 or to play Ng4 with a
victorous attack..} (29. Ne3) 29... d4 30. fxg7 (30. Rh3 Nf8 31. fxg7 (31. g6
gxf6 {and black is not in danger.}) 31... Kxg7 32. g6 Rc7) 30... Bf7 31. Qh3 {
This looks like resignation!} ({Instead white had} 31. g6 Bxg6 32. Rxg6 hxg6
33. Qh8+ Kf7 34. Rf1+ Nf6 35. Rxf6+ Qxf6 36. Qxe8+ Kxe8 37. g8=Q+ {where a
draw was the most probable result.}) 31... Rxc3 32. Rxc3 dxc3 33. Qxc3 Qxg5 34.
Ne3 Nf6 35. Rf1 {White is losing one pawn after another.} (35. Qd3 Bg6 36. Nd5
{was more stubborn.}) 35... Nxe4 36. Qa3 Ng3 37. Rf2 Qxg7 38. Qxa7 Rf8 39. Qb6
Qg5 40. Qa7 Be6 41. Nd5 $1 {This strong move was made after about 20 minutes
of thinking. A new time scramble is approaching.} Rxf2 42. Kxf2 Nh5 43. Qb8+
Kg7 44. Qxb5 Nf6 ({After} 44... Nf4 45. Qb7+ Kh6 46. Nxf4 Qxf4+ 47. Kg1 {
black could not take on a2 because of Qa6+. But} Qd2 {was strong enough,
winning pawn e2.}) 45. Qb7+ Kh6 46. Nxf6 $2 {The last blunder.} (46. Qc6 $2 {
was not possible due to} Qxg2+ 47. Kxg2 Bxd5+) ({but after} 46. Qb6 {white
would still have drawing chances.} Qd2+ $145 47. Kg1 Qd1+ 48. Kh2 Ng4+ 49. Kg3
Qe1+ 50. Kh3 Kg5 51. Qd8+ Nf6+ 52. Kh2 Qh4+ 53. Kg1 Qd4+ 54. Kh2 Bxd5 $19)
46... Qxf6+ 47. Qf3 Qxf3+ 48. Kxf3 Bd5+ {He overlooked this check.} 49. Kg3
Bxa2 50. Be4 Bf7 51. Kg4 Bg6 52. Bb7 Kg7 53. Kg5 h6+ 54. Kg4 Kf6 55. Bc8 Bf5+
0-1

[Event "Schuhplattler Veterans-Ladies"]
[Site "Munich"]
[Date "2000.07.15"]
[Round "10"]
[White "Kortschnoj, Viktor Lvovich"]
[Black "Xie, Jun"]
[Result "1-0"]
[WhiteElo "2620"]
[BlackElo "2568"]
[Annotator "Hazai,L"]
[PlyCount "57"]
[EventDate "2000.07.04"]
[EventType "schev"]
[EventRounds "10"]
[EventCountry "GER"]
[SourceTitle "CBM 078"]
[Source "ChessBase"]
[SourceDate "2000.10.18"]
[SourceVersion "1"]
[SourceVersionDate "2000.10.18"]
[SourceQuality "1"]

1. d4 {Kortschnoj} Nf6 2. c4 g6 3. Nc3 Bg7 4. e4 d6 5. Be2 O-O 6. Bg5 Na6 7. f4
c6 8. Nf3 (8. Qd2 {- Bosboom-Reinderman, Rotterdam 2000 CBM 77.}) 8... Nc7 (
8... b5 $5 {Kortschnoj} 9. cxb5 cxb5 10. Bxb5 Rb8 $44) 9. Bh4 {'+/=!'
Kortschnoj.} d5 (9... b5 {- Kaidanov-Fedorowicz, USA-ch 1999 CBM 68.}) (9...
Ne6 {Kortschnoj} 10. g3) 10. e5 Ne4 11. O-O {This is an important novelty,
after which Black has problems to find the real antidote.} (11. Nxe4 {- Wang
Lei-Ye Jiangchuan, Sufe Cup 2000 CBM 75.}) 11... Ne6 (11... Bf5 {The B has no
safe place here.} 12. Nxe4 dxe4 (12... Bxe4 13. Ng5 Bf5 14. g4 Bc8 {and the B
has to retreat!} 15. f5 $40) 13. Ne1 $14 {/\ Nc2 and >< e4 is vulnerable.}) (
11... Bg4 {Black wants to get rid of his passive B and blockade the position
by f5.} 12. h3 Bxf3 13. Rxf3 f5 14. exf6 Bxf6 15. Bxf6 exf6 {/\ f5} 16. f5 $1
$14) 12. g3 f6 (12... f5 {is met by the same plan as in the game continuation.}
13. cxd5 cxd5 14. Qb3 {Black is unable to hold the [+].} Nxc3 (14... Nc7 15.
Rac1 $16) 15. bxc3 {/\ c4 attacking the [+].} b6 16. c4 Bb7 (16... Ba6 17. Qa3
$16) 17. cxd5 $1 (17. Bxe7 Qxe7 18. cxd5 Nc5 19. d6+ Nxb3 20. dxe7 Nxa1 21.
exf8=Q+ Bxf8 22. Rxa1 Rd8 $14 {and Black's ^^ and the possibility of creating
a remote o^ on the << gives him chances for a survival.}) 17... Bxd5 18. Bc4
Bxc4 19. Qxc4 Qd7 20. d5 $16 {and White's central pawns are extremely strong.})
(12... b6 13. Qa4 $14) 13. cxd5 cxd5 14. Qb3 g5 $2 {As a matter of fact this
is the typical plan in this line. However here White is prepared against any
aggression, and Black has to play cautiously.} (14... Nxc3 15. bxc3 b6 16. c4
Bb7 {comes into consideration blockading the position instead of blowing it up.
}) (14... fxe5 {Kortschnoj} 15. Nxe4 dxe4 16. Ng5 Qxd4+ 17. Kh1 Qb6 18. Bc4 $16
) 15. fxg5 {The opening of the position helps for the better developed party
says the general rule.} fxg5 (15... fxe5 16. Nxd5 $16) 16. Nxe4 gxh4 (16...
dxe4 17. Nxg5 Qxd4+ 18. Kh1 Qxe5 19. Bc4 $18) (16... Rxf3 {Kortschnoj} 17. Bxf3
$1 Nxd4 (17... dxe4 18. Bg4 Qxd4+ 19. Kh1 Qb6 20. Rac1 $16) 18. Qxd5+ Qxd5 19.
Nf6+ Kh8 (19... exf6 20. Bxd5+ Kh8 21. exf6 Bh6 22. Bxg5 Bxg5 23. f7 $18) 20.
Nxd5 $16) 17. Nc3 $16 hxg3 18. hxg3 {Black's problems of development didn't
disappear, his >> became weak, meanwhile White is ready for an ->.} Nc7 19. Bd3
{'+/-' Kortschnoj.} Bh6 {This runs only into the attacking R on the h <->.} (
19... Bh3 {is strongly met by} 20. Bxh7+ $1 Kh8 (20... Kxh7 21. Ng5+ $18) 21.
Qc2 $1 {'+/-' Kortschnoj.} Bxf1 22. Qh2 $1 Rxf3 23. Be4+ Kg8 24. Qh7+ Kf8 25.
Bxf3 Ba6 26. Be2 $1 Bxe2 27. Nxe2 Ne8 28. Nf4 Qb6 29. Rf1 Qxd4+ 30. Kh2 $18 {
with mating threats.}) (19... Bf5 20. Bxf5 Rxf5 {simply loses a P after} 21.
Qxb7 Rb8 22. Qxa7 Rxb2 23. Rab1 $16) (19... Bg4 {Kortschnoj} 20. Bxh7+ Kxh7 21.
Qc2+ Rf5 (21... Bf5 22. Ng5+ Kg6 23. Rxf5 Rxf5 24. g4 Qf8 25. Nf3 $18) (21...
Kh6 22. Kg2 $40) 22. Nh2 $16) (19... Qd7 $5 {Kortschnoj}) 20. Kg2 Bf5 (20...
Qd7 21. Rh1 $18) 21. Bxf5 Rxf5 22. Rh1 Bg7 {This is a sad retreat.} (22... Bf8
23. Qc2 e6 24. Rxh7 Kxh7 25. g4 Qd7 26. gxf5 exf5 27. Nh4 $18) 23. Qc2 Qd7 24.
g4 $18 {and the game is over. Korchnoi's playing strength is still formidable!}
(24. Rxh7 $18 {Kortschnoj}) 24... Rf7 25. Qxh7+ Kf8 26. Qh4 Ne6 27. Ng5 Nxg5
28. Qxg5 Rc8 29. Rh7 1-0

[Event "Olympiad-34"]
[Site "Istanbul"]
[Date "2000.10.29"]
[Round "2.1"]
[White "Kortschnoj, Viktor Lvovich"]
[Black "Stefansson, Hannes"]
[Result "1-0"]
[WhiteElo "2620"]
[BlackElo "2557"]
[PlyCount "80"]
[EventDate "2000.10.28"]
[EventType "team-swiss"]
[EventRounds "14"]
[EventCountry "TUR"]
[SourceTitle "EXT 2001"]
[Source "ChessBase"]
[SourceDate "2000.11.22"]
[SourceVersion "1"]
[SourceVersionDate "2000.11.22"]
[SourceQuality "1"]
[WhiteTeam "Switzerland"]
[BlackTeam "Iceland"]
[WhiteTeamCountry "SUI"]
[BlackTeamCountry "ISL"]

1. Nf3 Nf6 2. c4 b6 3. d3 Bb7 4. e4 d6 5. Nc3 g6 6. g3 Bg7 7. Bg2 c5 8. O-O O-O
9. Ng5 Nc6 10. f4 e6 11. f5 Qe7 12. Bf4 Nd4 13. g4 Nd7 14. Nf3 exf5 15. gxf5
gxf5 16. Nxd4 Bxd4+ 17. Kh1 Kh8 18. exf5 Bxg2+ 19. Kxg2 Rg8+ 20. Bg3 Rae8 21.
Qd2 Nf6 22. Rae1 Qb7+ 23. Kh3 Rxe1 24. Qxe1 Qd7 25. Bh4 Ng4 26. Nd5 h5 27. Qd2
f6 28. Bg3 Qh7 29. Bxd6 Qg7 30. Qe2 Kh7 31. Qe7 Qxe7 32. Bxe7 Rg5 33. Kh4 Rg7
34. Bf8 Rg8 35. Bd6 Ne3 36. Nxe3 Bxe3 37. Kxh5 Rg5+ 38. Kh4 Rg2 39. Re1 Bg5+
40. Kh5 Bh6 1-0

[Event "Olympiad-34"]
[Site "Istanbul"]
[Date "2000.11.09"]
[Round "12.1"]
[White "Kortschnoj, Viktor Lvovich"]
[Black "Kotsur, Pavel"]
[Result "1-0"]
[WhiteElo "2620"]
[BlackElo "2589"]
[Annotator "Psakhis,L"]
[PlyCount "51"]
[EventDate "2000.10.28"]
[EventType "team-swiss"]
[EventRounds "14"]
[EventCountry "TUR"]
[SourceTitle "EXT 2001"]
[Source "ChessBase"]
[SourceDate "2000.11.22"]
[SourceVersion "1"]
[SourceVersionDate "2000.11.22"]
[SourceQuality "1"]
[WhiteTeam "Switzerland"]
[BlackTeam "Kazakhstan"]
[WhiteTeamCountry "SUI"]
[BlackTeamCountry "KAZ"]

1. d4 e6 2. e4 d5 3. e5 c5 4. c3 Qb6 5. Nf3 Bd7 6. a3 Nc6 7. b4 cxd4 8. cxd4
Rc8 9. Bb2 Nh6 10. Bd3 ({Few years ago Kortchnoi continue} 10. Nc3 {nad after}
Na5 11. Na4 Qc6 12. Nc5 Nc4 13. Bxc4 dxc4 14. O-O Qd5 15. Qe2 Bc6 16. Rfe1 Be7
17. Rac1 O-O 18. Ne4 Nf5 $15 {1/2-1/2 Kortchnoi,V-Iruzubieta,J/Oviedo 1992 (31)
got less than nothing}) 10... Na5 11. O-O (11. Nbd2 Nc4 12. Qb3 Nxb2 13. Qxb2
Bb5 14. Bxb5+ Qxb5 15. Rc1 Rxc1+ 16. Qxc1 Kd7 17. Nb3 b6 18. Qd1 Be7 $15 {
0-1 Predojevic,B-Harikrishna,P/Wch B12 Marina d'Or 1998 (33)}) 11... Nc4 12.
Bxc4 Rxc4 13. Nc3 Qa6 $146 {New and maybe not very strong move, Black
equalized easily after} (13... Be7 14. Nd2 Rc8 15. Na4 (15. Nb3 Bb5 $5 16. Nxb5
(16. Re1 Bc4 17. Nc5 Nf5 18. Qa4+ Rc6 $13)) 15... Qb5 16. Nc5 b6 17. Nxd7 Qxd7
18. Qb3 Qb5 19. Rac1 Kd7 $11 {Chorfi,K-Low,P/Novi Sad olm 1990/0-1 (48)}) 14.
Rc1 Be7 15. Nd2 Rc8 ({It will be interesting to see white's reaction in the
case of brave} 15... Rxd4 $5 {It is not so easy to find refutation, for example
} 16. Ne2 (16. Nb5 Bxb5 17. Bxd4 Nf5 $1 $17) 16... Rg4 17. h3 Rh4 18. g3 $5 Ba4
(18... Rxh3 $2 19. Nf4 {[%csl Rh3]}) 19. Qe1 Bb5 $1 {and Black doing well.})
16. Nb3 b6 $6 ({Again} 16... O-O 17. Nc5 Qc6 18. Qd3 (18. b5 Qc7) 18... b6 $11
{looks reasonable for Black}) 17. b5 $1 Bxb5 $6 ({After correct} 17... Qb7 18.
a4 Nf5 {White could pretend just for small advantage}) 18. Nxb5 Rxc1 19. Nd6+
$1 Bxd6 20. Qxc1 Bb8 (20... Bf8 21. Qc6+ Kd8 22. Rc1 $18) 21. Qc6+ Ke7 22. Rc1
{[%csl Ra6,Re7][%cal Gc1c8]} Rd8 $2 {[%mdl 8192] Final mistake in already very
dangerous position.} ({Only chance to continue resistanse Kotsur could get
after} 22... Nf5 23. a4 $1 {[%cal Rb2a3]} f6 $8 {for example} 24. Ba3+ (24. Nc5
$2 Qc8) 24... Kf7 25. Qd7+ (25. g4 Ne7 26. Qd7 Re8 27. Rc6 $1 (27. exf6 $2 gxf6
(27... Qe2 28. Bxe7 Qxg4+ 29. Kf1 Qh3+ 30. Ke1 Qxb3 31. Bd8+ $18) 28. Rc6 Qe2
$1) 27... Qxa4 28. Qxe6+ Kg6 (28... Kf8 29. Bxe7+ Rxe7 30. Rc8+ Re8 31. exf6
gxf6 32. Qxf6+ Kg8 33. Qe6+ Kf8 34. Rxb8 Rxb8 35. Qd6+ Kg7) 29. exf6 Bxh2+ (
29... Qxc6 30. f7+ Qxe6 31. fxe8=Q+ Kf6 32. Bxe7+ Qxe7 33. Qxb8 Qe1+ 34. Kg2
Qe4+ 35. Kh3 $18 {[%cal Gb8g3]}) 30. Kxh2 Qxc6 31. f7+ Qxe6 32. fxe8=Q+ Qf7 33.
Qxf7+ Kxf7) 25... Kg6 26. exf6 gxf6 27. Qxe6 Qxa4 28. Rc6 Bd6 29. g4 Qxc6 30.
gxf5+ Kg7 31. Bxd6 {[%cal Rd6f8]} Rg8 $1 32. Kh1 $16) 23. a4 $1 f6 24. Ba3+ Kf7
25. Nc5 Qc8 26. Nb7 $1 {Final blow!} 1-0

[Event "NED-chT 0001"]
[Site "Netherlands"]
[Date "2001.03.04"]
[Round "6.1"]
[White "Bertholee, Rob"]
[Black "Kortschnoj, Viktor Lvovich"]
[Result "0-1"]
[WhiteElo "2340"]
[BlackElo "2639"]
[PlyCount "66"]
[EventDate "2000.11.18"]
[EventType "team-tourn"]
[EventRounds "9"]
[EventCountry "NED"]
[SourceTitle "EXT 2002"]
[Source "ChessBase"]
[SourceDate "2001.11.25"]
[SourceVersion "1"]
[SourceVersionDate "2001.11.25"]
[SourceQuality "1"]
[WhiteTeam "Zukertort Amstelveen"]
[BlackTeam "Rotterdam SO"]
[WhiteTeamCountry "NED"]
[BlackTeamCountry "NED"]

1. e4 e6 2. Nf3 d5 3. Nc3 d4 4. Ne2 c5 5. c3 Nf6 6. cxd4 Nxe4 7. Qc2 Nf6 8.
dxc5 Qa5 9. Nc3 Bxc5 10. d4 Be7 11. Bc4 Nc6 12. O-O O-O 13. Rd1 Rd8 14. Bd2 Qc7
15. Nb5 Qb8 16. Qc1 Nh5 17. Bg5 Bxg5 18. Qxg5 Nf6 19. Ne5 Bd7 20. Rd3 h6 21.
Qf4 Be8 22. Rc1 Nd5 23. Qg3 Nb6 24. Ng4 Qxg3 25. Rxg3 Nxd4 26. Nf6+ Kf8 27.
Nxe8 Nxc4 28. Nxd4 Rxd4 29. Nxg7 Rad8 30. h3 Rd1+ 31. Rxd1 Rxd1+ 32. Kh2 Nd2
33. Rg4 Nf1+ 0-1

[Event "Basel Hilton op 03rd"]
[Site "Basel"]
[Date "2001.01.06"]
[Round "6"]
[White "Horvath, Csaba"]
[Black "Kortschnoj, Viktor Lvovich"]
[Result "0-1"]
[WhiteElo "2508"]
[BlackElo "2639"]
[PlyCount "128"]
[EventDate "2001.01.01"]
[EventType "swiss"]
[EventRounds "7"]
[EventCountry "SUI"]
[SourceTitle "CBM 080 Extra"]
[Source "ChessBase"]
[SourceDate "2001.03.08"]
[SourceVersion "1"]
[SourceVersionDate "2001.03.08"]
[SourceQuality "1"]

1. d4 Nf6 2. Nf3 e6 3. g3 b5 4. Bg2 Bb7 5. Bg5 c5 6. c3 cxd4 7. Bxf6 gxf6 8.
cxd4 d5 9. O-O Nd7 10. Nbd2 Qb6 11. e3 b4 12. a4 Be7 13. a5 Qd6 14. Qb1 f5 15.
Rc1 O-O 16. Bf1 Rfc8 17. Qd3 a6 18. Nb3 Bc6 19. Qd1 Qb8 20. Bd3 Bb7 21. Rxc8+
Qxc8 22. Rc1 Qd8 23. Qe2 Bd6 24. Nfd2 Nf6 25. Nc5 Bxc5 26. dxc5 Qxa5 27. c6 Qc7
28. Nb3 Bc8 29. Qc2 Qd6 30. Nd4 Ne8 31. Qa4 a5 32. Nb5 Qe7 33. Nd4 Qd6 34. Nb3
e5 35. Rc5 e4 36. Bf1 d4 37. exd4 Be6 38. Bc4 Bxc4 39. Rxc4 e3 40. Rc2 f4 41.
fxe3 Qe6 42. Re2 f3 43. Rf2 Qxe3 44. Nd2 Nd6 45. Qb3 Qxb3 46. Nxb3 a4 47. Nc5
Nb5 48. Nd7 a3 49. bxa3 bxa3 50. Ra2 Kg7 51. Kf2 Nxd4 52. Nb6 Ra7 53. Nc4 Ra4
54. Nxa3 Nxc6 55. Rc2 Ne5 56. Rc3 Kf6 57. h3 Re4 58. Rc2 Kf5 59. Rd2 Ra4 60.
Nb5 Kf6 61. Nd4 Ra3 62. g4 Kg5 63. Nf5 h5 64. Ne3 Rxe3 0-1

[Event "Basel Hilton op 03rd"]
[Site "Basel"]
[Date "2001.01.07"]
[Round "7"]
[White "Kortschnoj, Viktor Lvovich"]
[Black "Sturua, Zurab"]
[Result "1-0"]
[WhiteElo "2639"]
[BlackElo "2580"]
[PlyCount "133"]
[EventDate "2001.01.01"]
[EventType "swiss"]
[EventRounds "7"]
[EventCountry "SUI"]
[SourceTitle "CBM 080 Extra"]
[Source "ChessBase"]
[SourceDate "2001.03.08"]
[SourceVersion "1"]
[SourceVersionDate "2001.03.08"]
[SourceQuality "1"]

1. c4 c5 2. Nf3 Nf6 3. Nc3 e6 4. g3 Nc6 5. Bg2 d5 6. cxd5 Nxd5 7. O-O Be7 8. d4
O-O 9. Nxd5 exd5 10. dxc5 Bxc5 11. Bg5 f6 12. Bd2 Be6 13. e3 Qd7 14. Bc3 Rad8
15. Bd4 Bd6 16. Rc1 Rfe8 17. Qb3 Na5 18. Qc3 b6 19. Qd2 Nc4 20. Qd1 Bb4 21. b3
Na5 22. Bc3 Ba3 23. Rc2 Bf5 24. Rd2 Be4 25. Nd4 Bxg2 26. Kxg2 Nc6 27. Nxc6 Qxc6
28. Ba1 Bb4 29. Rc2 Qe6 30. Qf3 Qe4 31. Rc7 Re7 32. Rfc1 Rde8 33. Bd4 Kf7 34.
a4 Rxc7 35. Rxc7+ Re7 36. Rc8 Ke6 37. g4 Bd6 38. h4 Rc7 39. Rh8 g6 40. Re8+ Re7
41. Rd8 f5 42. gxf5+ gxf5 43. h5 Be5 44. Bxe5 Kxe5 45. Rg8 a5 46. Kg3 Qxf3+ 47.
Kxf3 Re6 48. Kg3 Ke4 49. Rg7 h6 50. Rd7 Re8 51. Rd6 f4+ 52. exf4 d4 53. f3+ Kd3
54. f5 Kc3 55. f6 d3 56. Kf4 d2 57. Kf5 Re3 58. f7 Rxf3+ 59. Kg6 Rf1 60. Kg7
Rg1+ 61. Kxh6 Rf1 62. Kg7 Rg1+ 63. Kf8 Rh1 64. h6 Rxh6 65. Rxd2 Kxd2 66. Kg7
Rh3 67. f8=Q 1-0